ბათუმის შოთა რუსთაველის სახელმწიფო უნივერსიტეტის ბიბლიოთეკა

Технологические расчеты процессов переработки нефти. (ბიბ.ჩანაწერი № 38228)

000 -LEADER
fixed length control field 00691nam a2200205Ia 4500
001 - CONTROL NUMBER
control field 4218
003 - CONTROL NUMBER IDENTIFIER
control field GE_BSU
008 - FIXED-LENGTH DATA ELEMENTS--GENERAL INFORMATION
fixed length control field 181216s||||||||xx |||||||||||||| ||und||
040 ## - CATALOGING SOURCE
Transcribing agency GE_BSU
080 ## - UNIVERSAL DECIMAL CLASSIFICATION NUMBER
Universal Decimal Classification number 665.5.06
100 ## - MAIN ENTRY--PERSONAL NAME
Personal name Гусейнов Д.А. Спектор Ш.Ш.Вайнер Л.З.
245 ## - TITLE STATEMENT
Title Технологические расчеты процессов переработки нефти.
245 ## - TITLE STATEMENT
Statement of responsibility, etc. Вед. ред. К.Ф. Клейменова.
260 ## - PUBLICATION, DISTRIBUTION, ETC.
Place of publication, distribution, etc. М.
260 ## - PUBLICATION, DISTRIBUTION, ETC.
Name of publisher, distributor, etc. Химия.
260 ## - PUBLICATION, DISTRIBUTION, ETC.
Date of publication, distribution, etc. 1964.
300 ## - PHYSICAL DESCRIPTION
Extent 308стр. 21 см.
653 ## - INDEX TERM--UNCONTROLLED
Uncontrolled term Технологические расчеты процессов переработки нефти.
942 ## - ADDED ENTRY ELEMENTS (KOHA)
Koha item type წიგნი
ეგზემპლარები
Withdrawn status Lost status Damaged status Not for loan Date acquired Barcode Date last seen Price effective from Koha item type Public note
        2018-12-17 9561 2018-12-17 2018-12-17 წიგნი საცავი